Demokrasi örgütlenme özgürlüğü ve İsveç örneği (Record no. 6065)

MARC details
000 -BAŞLIK
Sabit Uzunlukta Kontrol Alanı 00774na a2200253 4500
001 - KONTROL NUMARASI
Denetim Alanı 19117
003 - KONTROL NUMARASI IDENTIFIER
Denetim Alanı MIRAKIL
005 - SON İŞLEM TARİHİ VE ZAMANI
Denetim Alanı 20181213155055.0
008 - SABİT-BOY VERİ ELEMANLARI - GENEL BİLGİLER
Sabit Uzunlukta Kontrol Alanı 161208b tu 000 0
040 ## - KATALOGLAMA KAYNAK
Orijinal Kataloglama Ajansı Milas
Kataloglama Dili tur
Metne Dönüştürmek Ajansı TR-AnCHP
041 ## - DİL KODU
Metin / Ses Parça Veya Ayrı Başlığın Dil Kodu tur
082 ## - DEWEY ONLU SINIFLANDIRMA NUMARASI
Sınıflandırma Numarası 320.5315
Ürün Numarası E66d 1997
090 ## - SINIFLAMA NUMARASI
Sınıflama Numarası 320.5315 E66d 1997
100 ## - ANA GİRİŞ - KİŞİSEL İSİM
Kişisel Ad Erol, Ahmet
245 ## - BAŞLIK TABLOSU
Başlık Demokrasi örgütlenme özgürlüğü ve İsveç örneği
Sorumluluk Tablosu, Vb Ahmet Erol
246 ## - UNVAN FORM VARYING
Başlık Doğru / Kısa Başlığı Örgütlenme özgürlüğü
250 ## - EDITION TABLOSU
Baskı Beyanı gözd. geçl. 3. bs.
260 ## - YAYIN, DAĞITIM, VB
Yayın, Dağıtım, Vb Yeri Ankara
Yayıncı, Dağıtıcı, Vs Adı TEZ-KOOP-İŞ
Yayın, Dağıtım, Vb Tarihi 2000
300 ## - FİZİKSEL TANIM
Kapsam 236 s.
Boyutlar 19 sm.
490 ## - SERİSİ TABLOSU
Seri Beyanı TEZ-KOOP-İŞ Sendikası Eğitim yayınları
Hacim / Ardışık Tanımı 26
650 ## - KONU KATMA GİRİŞ - TOPİKAL DÖNEM
Topikal Süreli Veya Coğrafi Ad Giriş Elemanı Sosyal demokrasi
Genel Alt Bölümü Örgütlenme
Coğrafi Alt Bölümü İsveç
650 ## - KONU KATMA GİRİŞ - TOPİKAL DÖNEM
Topikal Süreli Veya Coğrafi Ad Giriş Elemanı Sosyal demokrasi
Genel Alt Bölümü Örgütenme
Coğrafi Alt Bölümü Türkiye
942 ## - EKLENDİ GİRİŞ ELEMANLARI (KOHA)
Sınıflandırma Veya Raf Düzeni Kaynak Dewey Decimal Classification
Koha Öğesi Türü Books
999 ## - SİSTEM KONTROL NUMARALARI (KOHA)
Koha Biblionumber 6065
Koha Biblioitemnumber 6065
Holdings
Kalıcı Konum Mevcut Konum Edinme Tarihi Edinim Kaynak Toplam Check-Out'Lar Tam Çağrı Numarası Barkod Tarih Son Görülme İtibaren Geçerli Fiyatlar Koha Öğesi Türü
CHP Kütüphanesi CHP Kütüphanesi 12/08/2016 Bağış   320.5315 E66d 1997 011064 12/08/2016 12/08/2016 Books